Interpretación europea de Donoso Cortés / (Record no. 140030)

MARC details
000 -LEADER
campo de control de longitud fija 00850nam a2200229 i 4500
001 - NÚMERO DE CONTROL
campo de control 140030
003 - IDENTIFICADOR DE NÚMERO DE CONTROL
campo de control ES-MaACL
005 - FECHA Y HORA DE LA ÚLTIMA TRANSACCIÓN
campo de control 20260129170030.0
007 - CAMPO FIJO DE DESCRIPCIÓN FÍSICA--INFORMACIÓN GENERAL
campo de control de longitud fija t|
008 - DATOS DE LONGITUD FIJA--INFORMACIÓN GENERAL
campo de control de longitud fija 070214s1952 sp 00110 spa d
100 1# - ENTRADA PRINCIPAL--NOMBRE DE PERSONA
Nombre de persona Schmitt, Carl.
9 (RLIN) 104517
245 10 - MENCIÓN DEL TÍTULO
Título Interpretación europea de Donoso Cortés /
Mención de responsabilidad, etc. Carl Schmitt ; prólogo de Ángel López-Amo ; [traducción de Francisco de Asís Caballero].
260 ## - PUBLICACIÓN, DISTRIBUCIÓN, ETC.
Lugar de publicación, distribución, etc. Madrid :
Nombre del editor, distribuidor, etc. Rialp,
Fecha de publicación, distribución, etc. 1952 (
Fabricante Escelicer)
300 ## - DESCRIPCIÓN FÍSICA
Extensión 145 p. ;
Dimensiones 19 cm.
490 1# - MENCIÓN DE SERIE
Mención de serie Biblioteca del pensamiento actual ;
Designación de volumen o secuencia 13
600 14 - PUNTO DE ACCESO ADICIONAL DE MATERIA--NOMBRE DE PERSONA
Nombre de persona Donoso Cortés, Juan,
Fechas asociadas al nombre 1809-1853-
Subdivisión general Crítica e interpretación
9 (RLIN) 172937
700 1# - ENTRADA AGREGADA--NOMBRE PERSONAL
Nombre de persona López-Amo, Angel.
9 (RLIN) 73400
700 0# - ENTRADA AGREGADA--NOMBRE PERSONAL
Nombre de persona Caballero, Francisco de Asís
9 (RLIN) 33082
830 1# - PUNTO DE ACCESO ADICIONAL DE SERIE-TÍTULO UNIFORME
Título uniforme Biblioteca del pensamiento actual
Designación de volumen o secuencia 13
9 (RLIN) 181187
852 ## - LOCALIZACIÓN
Ubicación ES-MaACL
Número de control de estantería D-7891
Holdings
Estatus retirado Estado de pérdida Estado de daño No para préstamo Biblioteca de origen Biblioteca actual Ubicación en estantería Fecha de adquisición Fuente de adquisición Total de préstamos Signatura topográfica completa Código de barras Visto por última vez Precio de reemplazo Tipo de ítem Koha
        Biblioteca del Ateneo de Madrid Biblioteca del Ateneo de Madrid Sala Valle Inclán 17/01/2008     D-7891 901145720 23/02/2023 23/02/2023 Libro impreso